Sports ground certification (Record no. 114479)
[ view plain ]
| 000 -LEADER | |
|---|---|
| fixed length control field | 01212cad a22002775a 4500 |
| 001 - CONTROL NUMBER | |
| control field | L156903 |
| 008 - FIXED-LENGTH DATA ELEMENTS--GENERAL INFORMATION | |
| fixed length control field | 300712s2012 xxk f 000 0 eng d |
| 020 ## - INTERNATIONAL STANDARD BOOK NUMBER | |
| International Standard Book Number | 9781842197981 |
| 035 ## - SYSTEM CONTROL NUMBER | |
| System control number | (Sirsi) u156903 |
| 041 0# - LANGUAGE CODE | |
| Language code of text/sound track or separate title | eng |
| 050 04 - LIBRARY OF CONGRESS CALL NUMBER | |
| Classification number | 725.827 $2 18 |
| 110 2# - MAIN ENTRY--CORPORATE NAME | |
| Corporate name or jurisdiction name as entry element | Royal Institution of Chartered Surveyors |
| 9 (RLIN) | 4900 |
| 245 00 - TITLE STATEMENT | |
| Title | Sports ground certification |
| Medium | [electronic resource] |
| 260 ## - PUBLICATION, DISTRIBUTION, ETC. | |
| Place of publication, distribution, etc. | Coventry |
| Name of publisher, distributor, etc. | RICS |
| Date of publication, distribution, etc. | 2012 |
| 300 ## - PHYSICAL DESCRIPTION | |
| Extent | iv, 36p |
| Dimensions | 24 cm |
| 490 #0 - SERIES STATEMENT | |
| Series statement | RICS Guidance Note |
| 505 2# - FORMATTED CONTENTS NOTE | |
| Formatted contents note | Summary of legislation -- Certification -- Appendix 1: further guidance -- Appendix 2: direct and associated legislation -- Appendix 3: Stakeholder involvement -- Appendix 4: Templates. |
| 520 ## - SUMMARY, ETC. | |
| Summary, etc. | ARCHIVED 23 DECEMBER 2016 |
| 520 ## - SUMMARY, ETC. | |
| Summary, etc. | Assists practitioners in gaining an understanding of the legislative framework by which reasonable levels of safety at sports grounds can be achieved. |
| 521 ## - TARGET AUDIENCE NOTE | |
| Target audience note | Advanced |
| 651 #4 - SUBJECT ADDED ENTRY--GEOGRAPHIC NAME | |
| Geographic name | United Kingdom |
| Chronological subdivision | |
| 690 ## - LOCAL SUBJECT ADDED ENTRY--TOPICAL TERM (OCLC, RLIN) | |
| Topical term or geographic name as entry element | Health and safety |
| 9 (RLIN) | 6244 |
| 856 40 - ELECTRONIC LOCATION AND ACCESS | |
| Uniform Resource Identifier | <a href="https://www.rics.org/Documents/Sports_ground_certification_1st_edition_PGguidance_2012.pdf">https://www.rics.org/Documents/Sports_ground_certification_1st_edition_PGguidance_2012.pdf</a> |
| Public note | View the information paper free of charge (member-only content) at www.rics.org... |
| 942 ## - ADDED ENTRY ELEMENTS (KOHA) | |
| Suppress in OPAC | 0 |
| Withdrawn status | Lost status | Damaged status | Not for loan | Home library | Current library | Shelving location | Date acquired | Total Checkouts | Full call number | Barcode | Date last seen | Copy number | Price effective from | Koha item type | Source of classification or shelving scheme |
|---|---|---|---|---|---|---|---|---|---|---|---|---|---|---|---|
| Archives | Archives | RICS Boxes | 17/12/2013 | RICS 2012/15 | 30077456 | 06/08/2019 | 1 | 06/08/2019 | Archive | Dewey Decimal Classification | |||||
| Missing from bundle | London | London | RICS Boxes | 04/09/2012 | RICS 2012/15 | 30077457 | 06/08/2019 | 2 | 06/08/2019 | Reference material | |||||
| Missing from bundle | London | London | Missing | 05/09/2012 | RICS 2012/15 | 30077455 | 06/08/2019 | 4 | 06/08/2019 | Reference material | |||||
| Missing from bundle | London | London | RICS Boxes | 04/12/2012 | RICS 2012/15 | 30078037 | 06/08/2019 | 5 | 06/08/2019 | Reference material | |||||
| Virtual | Virtual | Online | 05/09/2012 | ONLINE PUBLICATION | 156903-6001 | 06/08/2019 | 1 | 06/08/2019 | Book | Dewey Decimal Classification |